000 00672nam a22001817a 4500
005 20260218155030.0
008 260218b |||||||| |||| 00| 0 eng d
020 _a9789393875112
040 _cVITAP
082 _223rd Ed.
_a658.4 KAM
245 _aTable Talk : Conversations with Leaders : Volume II
_c/ Edited by Vinay Kamath and Parimala S Rao
260 _aChennai
_bTHG (The Hindu Group) Publishing Private Limited & Businessline
_c2025
300 _a167p. : ill. ; 23cm
_bVolume II
650 0 _aLeadership - India; Executives - India - Interviews
_917117
700 _aKamath, Vinay
_917119
_eEditor
700 _aRao, Parimala S
_917120
_eEditor
942 _2ddc
_cBK
999 _c47291
_d47291